000 00726nam a2200217 i 4500
001 25715
003 ES-MaACL
005 20230906153324.0
007 t|
008 030102s1957 sp ||||1| spa d
100 1 _aAristófanes.
_922859
245 1 0 _aComedias completas /
_cAristófanes ; versión establecida y anotada por Juan Bautista Xuriguera ; con unas notas prologales de Emiliano M. Aguilera.
260 _a[Barcelona :
_bIberia,
_c1957]
300 _a2 v. ;
_c19 cm.
490 1 _aObras maestras
700 1 _aXuriguera, Joan Baptista (
_d1908-1987)
_9117525
700 1 _aAguilera, Emiliano M.
_918758
830 0 _aObras maestras
_9181001
852 _aES-MaACL
_jC-13737-8
_bR.41650
999 _c25715
_d25715